Statistics for General Knowledge Quiz #59

Click here to take the quiz!

General Stats

  • This quiz has been taken 47,993 times
    (16,561 since last reset)
  • The average score is 11 of 20

Answer Stats

Question Answer % Correct
In fairy tales, who is Gretel's brother?Hansel
96%
What type of animals are not herbivores or carnivores?Omnivores
82%
What is the name of Apple's web browser?Safari
78%
What story is parodied by the movie "Men in Tights"?Robin Hood
77%
In the Bible, what did God do on the seventh day of creation?Rest
77%
What person is represented by this series of emojis? Vincent Van Gogh
69%
What band's leader singer is the father of actress Liv Tyler?Aerosmith
62%
What does the R stand for in the MMR vaccine?Rubella
61%
How many leagues did Captain Nemo travel "under the sea"?20,000
60%
What kind of tree loses its leaves in the winter?Deciduous
58%
In which country is the martial art of krav maga part of a soldier's basic training?Israel
52%
What is the only country in Asia that uses the Peso as its currency?Philippines
51%
What fictional young adventuress has red braids, freckles, and a pet monkey
named Mr. Nilsson?
Pippi Longstocking
50%
What is the legal term for being tried twice for the same crime?Double Jeopardy
50%
What Christian holiday falls on the Sunday before Easter?Palm Sunday
47%
What classic movie features a nightclub named Rick's Cafe?Casablanca
44%
What 1996 movie coined the phrase "show me the money"?Jerry Maguire
43%
Who wrote "The Audacity of Hope"?Barack Obama
27%
What is fed to a bee larva to turn it into a queen?Royal Jelly
26%
What is Thomas A. Swift's Electric Rifle better known as?Taser
21%

Score Distribution

Percentile by Number Answered

Percent of People with Each Score

Your Score History

You have not taken this quiz since the last reset